10 questions sur une ville française #13 : TOULOUSE - Statistiques

Statistiques générales
  • Ce quiz a été pris 397 fois
  • Le résultat moyen est 7 sur 10
Statistiques - réponses
Question Réponse % Correct
Quel adjectif de couleur est employé pour surnommer Toulouse ? Rose
97%
Dans quel sport majeur la ville de Toulouse est-elle la plus titrée d'Europe ? Le rugby
96%
Quel classement occupe-t-elle en termes d'habitants en France ? 4ème
94%
Dans quelle ville voisine de Toulouse est situé son aéroport ? Blagnac
93%
Comment se nomme le monument de Toulouse qui accueille la mairie ainsi qu'un théâtre ? Le Capitole
88%
Quels rappeurs ont dans leurs débuts écrit une chanson en hommage à leur ville, "Fier d'être toulousain" ? Bigflo & Oli
85%
En 2001, quelle usine a explosé à Toulouse ? L'usine AZF
80%
Combien Toulouse compte-t-elle d'habitants ? (à 10 000 près) 471 941
45%
Quelle est sa superficie ? (à 10 km² près) 118,30 km²
44%
Quelle friandise sucrée a été inventée par un pharmacien toulousain ? Le Cachou Lajaunie
22%
Aucun quiz correspondant
Distribution des résultats
% des personnes avec chaque résultat
Percentile par nombre de réponses
Votre historique - résultats
Vous n’avez pas pris ce quiz